|
|
|
|
| LEADER |
01223nam a2200265 a 4500 |
| 001 |
4434119 |
| 008 |
091108s1997 bg ab b 001 0 eng d |
| 010 |
|
|
|a \\\94032113
|
| 020 |
|
|
|a 0803992033 (U.S.)
|
| 040 |
|
|
|a DLC
|c DLC
|d DLC
|
| 082 |
0 |
0 |
|a 333.91/00954
|2 20
|
| 100 |
1 |
|
|a Crow, Ben.
|
| 245 |
1 |
0 |
|a Sharing the Ganges :
|b the politics and technology of river development /
|c Ben Crow, with Alan Lindquist and David Wilson.
|
| 260 |
|
|
|a Dhaka :
|b The University Press Ltd. ;
|a New Delhi ;
|a Thousand Oaks, Calif. :
|b Sage Publications in association with the Book Review Literary Trust, New Delhi,
|c 1997.
|
| 300 |
|
|
|a 272 p. :
|b ill., maps ;
|c 23 cm.
|
| 504 |
|
|
|a Includes bibliographical references (p. [240]-269) and index.
|
| 541 |
1 |
|
|e 00008295
|
| 650 |
|
0 |
|a Water resources development
|z India.
|
| 650 |
|
0 |
|a Water resources development
|z Bangladesh.
|
| 650 |
|
0 |
|a Water diversion
|z Ganges River (India and Bangladesh)
|
| 700 |
1 |
|
|a Lindquist, Alan.
|
| 700 |
1 |
|
|a Wilson, David,
|d 1954-
|
| 852 |
4 |
|
|a Ayesha Abed Library
|j General shelf
|
| 999 |
|
|
|c 7599
|d 7599
|
| 952 |
|
|
|0 0
|1 0
|2 ddc
|4 0
|6 333_910095400000000_CRO_1997
|7 0
|9 8288
|a BRACUL
|b BRACUL
|c GEN
|d 2010-02-18
|l 2
|o 333.9100954 CRO
|p 3010008295
|r 2019-04-18
|s 2019-04-15
|t 1
|w 2010-02-18
|y BK
|